TOP 10 des prénoms les plus beaufs - Statistiques

Statistiques générales
  • Ce quiz a été pris 945 fois
    755 depuis la dernière actualisation
  • Le résultat moyen est 3 sur 10
Statistiques - réponses
TOP PRÉNOMS % Correct
1 Kevin
79%
2 Dylan
52%
5 Jordan
38%
7 Kylian
25%
10 Tom
21%
6 Bryan
20%
4 Melvin
12%
3 Tanguy
11%
8 Marvin
5%
9 Jimmy
4%
Aucun quiz correspondant
Distribution des résultats
% des personnes avec chaque résultat
Percentile par nombre de réponses
Votre historique - résultats
Vous n’avez pas pris ce quiz depuis la dernière actualisation